| 000 | 00915 a2200193 4500 | ||
|---|---|---|---|
| 003 | Nust | ||
| 005 | 20221021122128.0 | ||
| 020 | _a0070529108 | ||
| 040 | _cNust | ||
| 082 | _a621,ALC | ||
| 100 |
_aMechatronics and measurement systems _9101089 |
||
| 245 |
_aIntroduiction Mechatronics and Measurement Systems / _cDavid G.Aliciatore & Michael B.Histand |
||
| 250 | _a2nd ed. | ||
| 260 |
_aNew Delhi _bTata McGraw-Hill _c2005 |
||
| 300 | _a466p | ||
| 505 | _aIntroduction to Mechatronics and Measurement Systems (Page-1), Electric Circuits and Components (Page-6), Semiconductor Electronic (Page-53), Systems Response (Page-96), Analog Signal Processing using Operational Amplifiers (Page-14), Digital Circuits (Page-178), Data Acquisition (Page-297), Sensors (Page-315), Actuators (Page-372), Mechtronic Systems Control Architectures and Case Studies (Page-416). | ||
| 650 | _amechatronics | ||
| 942 |
_2ddc _cBK |
||
| 999 |
_c190534 _d190534 |
||